<?xml version="1.0" encoding="UTF-8"?>
<record
    xmlns:xsi="http://www.w3.org/2001/XMLSchema-instance"
    xsi:schemaLocation="http://www.loc.gov/MARC21/slim http://www.loc.gov/standards/marcxml/schema/MARC21slim.xsd"
    xmlns="http://www.loc.gov/MARC21/slim">

  <leader>00496nam a22001577a 4500</leader>
  <controlfield tag="005">20170505100021.0</controlfield>
  <controlfield tag="008">170505b        xxu||||| |||| 00| 0 eng d</controlfield>
  <datafield tag="020" ind1=" " ind2=" ">
    <subfield code="a">1565640152</subfield>
  </datafield>
  <datafield tag="040" ind1=" " ind2=" ">
    <subfield code="c">PK-LaUMT</subfield>
  </datafield>
  <datafield tag="082" ind1=" " ind2=" ">
    <subfield code="a">ZIAC 297.01</subfield>
    <subfield code="b">ABD-A</subfield>
  </datafield>
  <datafield tag="100" ind1=" " ind2=" ">
    <subfield code="a">&#x639;&#x628;&#x62F;&#x627;&#x644;&#x62D;&#x645;&#x6CC;&#x62F; &#x627;&#x62D;&#x645;&#x62F; &#x627;&#x628;&#x648; &#x633;&#x644;&#x6CC;&#x645;&#x627;&#x646;</subfield>
  </datafield>
  <datafield tag="245" ind1=" " ind2=" ">
    <subfield code="a">&#x627;&#x632;&#x645;&#x633;&#x6C3; &#x627;&#x644;&#x639;&#x642;&#x644; &#x627;&#x644;&#x645;&#x633;&#x644;&#x645;/</subfield>
    <subfield code="c">&#x639;&#x628;&#x62F;&#x627;&#x644;&#x62D;&#x645;&#x6CC;&#x62F; &#x627;&#x62D;&#x645;&#x62F; &#x627;&#x628;&#x648; &#x633;&#x644;&#x6CC;&#x645;&#x627;&#x646;</subfield>
  </datafield>
  <datafield tag="260" ind1=" " ind2=" ">
    <subfield code="a">&#x628;&#x6CC;&#x631;&#x648;&#x62A;:</subfield>
    <subfield code="b">&#x627;&#x644;&#x645;&#x639;&#x6BE;&#x62F; &#x627;&#x644;&#x639;&#x627;&#x644;&#x645;&#x6CC;&#x60C;</subfield>
    <subfield code="c">1994</subfield>
  </datafield>
  <datafield tag="300" ind1=" " ind2=" ">
    <subfield code="a">243 &#x635;</subfield>
  </datafield>
  <datafield tag="942" ind1=" " ind2=" ">
    <subfield code="c">BK</subfield>
  </datafield>
  <datafield tag="999" ind1=" " ind2=" ">
    <subfield code="c">93193</subfield>
    <subfield code="d">93193</subfield>
  </datafield>
  <datafield tag="952" ind1=" " ind2=" ">
    <subfield code="0">0</subfield>
    <subfield code="1">0</subfield>
    <subfield code="4">0</subfield>
    <subfield code="7">0</subfield>
    <subfield code="a">01</subfield>
    <subfield code="b">01</subfield>
    <subfield code="d">2017-05-05</subfield>
    <subfield code="l">0</subfield>
    <subfield code="o">ZIAC 297.01 ABD-A</subfield>
    <subfield code="p">108363</subfield>
    <subfield code="r">2017-05-05 00:00:00</subfield>
    <subfield code="w">2017-05-05</subfield>
    <subfield code="y">BK</subfield>
  </datafield>
</record>
